Understanding pragmatics : an interdisciplinary approach to langguage use

Uloženo v:
Podrobná bibliografie
Hlavní autor: Senft, Gunter
Médium: Sách
Jazyk:Undetermined
Vydáno: Routledge 2014
Témata:
Tagy: Přidat tag
Žádné tagy, Buďte první, kdo otaguje tento záznam!
Thư viện lưu trữ: Trung tâm Thư viện - Trường Đại học Công nghiệp TP. Hồ Chí Minh
LEADER 00495nam a2200157Ia 4500
001 UIH_00363
008 230809s9999 xx 000 0 und d
082 |a 401.45 
100 |a Senft, Gunter 
245 0 |a Understanding pragmatics : an interdisciplinary approach to langguage use 
245 0 |c Senft, Gunter 
260 |b Routledge 
260 |c 2014 
650 |a Pragmatics;Linguistics; 
927 |a Sách 
980 |a Trung tâm Thư viện - Trường Đại học Công nghiệp TP. Hồ Chí Minh